00285nam a2200133Ia 4500003000400000005001700004008004100021020000800062040001700070100001600087245002100103260001800124260000900142OSt20240320113407.0170524s9999 xx 000 0 und d aNIL cIIMTU MEERUT aHill- diana 0aEveryday law fat bMurdoch Books c1999